000 00553cam a2200193 a 4500
020 _a0813379865 (alk. paper)
040 _cDLC
082 0 0 _a363 WES 1991 A010 Or.
245 0 0 _aHarvest of want :
_bhunger and food security in Central America and Mexico /
260 _aBoulder :
_bWestview Press,
_c1991.
300 _avii, 264 p. :
_bill., maps ;
_c24 cm.
650 0 _aFood supply
650 0 _aFood supply
650 0 _aNutrition policy
650 0 _aNutrition policy
700 1 _aWhiteford, Scott,
700 1 _aFerguson, Anne
942 _cEK
999 _c13780
_d13780